Organizaciones agrícolas en Costa Rica. Breve Reseña

محفوظ في:
التفاصيل البيبلوغرافية
المؤلف الرئيسي: Serna, Ramón
التنسيق: نص
منشور في: Heredia: UNA
الوسوم: إضافة وسم
لا توجد وسوم, كن أول من يضع وسما على هذه التسجيلة!

MARC

LEADER 00000 a a2200000 04500
001 24886
003
040
090 |a 179500  
100 |a Serna, Ramón  
245 |a Organizaciones agrícolas en Costa Rica. Breve Reseña  
260 |a Heredia:   |b UNA  
300 |a 13 p  
999 |c 17149  |d 17149